000 01092nam a2200241Ia 4500
999 _c37708
_d37708
001 3682
003 GE_BSU
005 20190626144922.0
008 181216s2012||||ge |||||||||||||| ||geo||
020 _a9789994080380
040 _cGE_BSU
041 _ageo
080 _a657.1(075.8) ბ–31
100 _aბაუჩაძე, ბესიკ
_92958
245 _aსაკონტროლო კითხვები (quizzes) ბუღალტრული აღრიცხვის თეორიულ საფუძვლებში :
_bსახელმძღვ. /
_cბესიკ ბაუჩაძე ; რედ. ვაჟა ვერულიძე.
264 _aბათუმი :
_bლაზარე+,
_c2012.
300 _a119 გვ. ;
_b20 სმ.
501 _aლექსიკონი: გვ. 89-107.
653 _aბუღალტრული აღრიცხვის თეორია
653 _aბუღალტერია
700 _aვერულიძე, ვაჟა
_eრედაქტორი
_92959
942 _cBK
_2udc